Vista normal Vista MARC

Entrada Personal Name

Número de registros utilizados en: 1

001 - CONTROL NUMBER

  • control field: 14267

003 - CONTROL NUMBER IDENTIFIER

  • control field: OSt

005 - DATE AND TIME OF LATEST TRANSACTION

  • control field: 20210302162448.0

008 - FIXED-LENGTH DATA ELEMENTS

  • fixed length control field: 210302|| aca||aabn | a|a d

040 ## - CATALOGING SOURCE

  • Original cataloging agency: OSt
  • Transcribing agency: OSt

100 ## - HEADING--PERSONAL NAME

  • Personal name: Salazar, Juana,
  • Dates associated with a name: editor

670 ## - SOURCE DATA FOUND

  • Source citation: Work cat.: (OSt)0: Foro "convivencia y seguridad ciudadana" (1998 jun. 2-4 : El Salvador) 14263, Convivencia y seguridad : , 2000.